000 00391nam a2200145Ia 4500
008 230411s9999 xx 000 0 und d
020 _a978-81-312-5707-4
041 _aeng
082 _aAD/610.6/CLE/B09537
100 _aClement I
_9119826
245 _aManagement of Nursing Services and Education
260 _bElsevier
_aNew Delhi
_c2020
300 _a720p
999 _c158575
_d158575